Discrete-Time Signal Processing / (Record no. 36281)
[ view plain ]
| 000 -LEADER | |
|---|---|
| fixed length control field | 00581nam a22001937a 4500 |
| 005 - DATE AND TIME OF LATEST TRANSACTION | |
| control field | 20240805115338.0 |
| 008 - FIXED-LENGTH DATA ELEMENTS--GENERAL INFORMATION | |
| fixed length control field | 240805b |||||||| |||| 00| 0 eng d |
| 020 ## - INTERNATIONAL STANDARD BOOK NUMBER | |
| ISBN | 81-317-0492-0 |
| 082 ## - DEWEY DECIMAL CLASSIFICATION NUMBER | |
| Classification number | 621382 |
| Item number | OPP-D |
| 100 ## - MAIN ENTRY--AUTHOR | |
| Author Name | Oppenheim, Alan. V |
| 245 ## - TITLE STATEMENT | |
| Title | Discrete-Time Signal Processing / |
| Statement of responsibility, etc. | Alan V. Oppenheim, Ronald W. Schafer, and John R. Buck |
| 250 ## - EDITION STATEMENT | |
| Edition statement | 2nd ed. |
| 260 ## - PUBLICATION, DISTRIBUTION, ETC. | |
| Place of Publication | India : |
| Name of publisher, distributor, etc. | Pearson Prentice Hall ; |
| Date of publication, distribution, etc. | 1999 . |
| 300 ## - PHYSICAL DESCRIPTION | |
| Pages | 888 p. : |
| 500 ## - GENERAL NOTE | |
| General note | Include Index. |
| 650 ## - SUBJECT ADDED ENTRY--TOPICAL TERM | |
| Subject / Department | Technical/Engineering |
| 700 ## - ADDED ENTRY--PERSONAL NAME | |
| Personal name | Schafer, Ronald W. |
| 300 ## - PHYSICAL DESCRIPTION | |
| -- | 23.5 cm . |
| 952 ## - LOCATION AND ITEM INFORMATION (KOHA) | |
| -- | 0 |
| -- | 0 |
| 952 ## - LOCATION AND ITEM INFORMATION (KOHA) | |
| -- | 0 |
| -- | 0 |
| 952 ## - LOCATION AND ITEM INFORMATION (KOHA) | |
| -- | 0 |
| -- | 0 |
| 952 ## - LOCATION AND ITEM INFORMATION (KOHA) | |
| -- | 0 |
| -- | 0 |
| 952 ## - LOCATION AND ITEM INFORMATION (KOHA) | |
| -- | 0 |
| -- | 0 |
| 952 ## - LOCATION AND ITEM INFORMATION (KOHA) | |
| -- | 0 |
| -- | 0 |
| 952 ## - LOCATION AND ITEM INFORMATION (KOHA) | |
| -- | 0 |
| -- | 0 |
| 952 ## - LOCATION AND ITEM INFORMATION (KOHA) | |
| -- | 0 |
| -- | 0 |
| 952 ## - LOCATION AND ITEM INFORMATION (KOHA) | |
| -- | 0 |
| -- | 0 |
| 952 ## - LOCATION AND ITEM INFORMATION (KOHA) | |
| -- | 0 |
| -- | 0 |
| Lost status | Damaged status | Collection code | Permanent Location | Current Location | Shelving Location | Date acquired | Full Call Number | Accession No./Barcode | Date last seen | Copy number | item type | Koha item type |
|---|---|---|---|---|---|---|---|---|---|---|---|---|
| Engineering | Superior Information Resource Center (SIRC) Superior University- Main Campus | Superior Information Resource Center (SIRC) Superior University- Gold Campus | Technical | 08/05/2024 | 621.382 OPP-D 2007 | 1419 | 04/13/2026 | 4 | BOOK | BOOK | ||
| Engineering | Superior Information Resource Center (SIRC) Superior University- Main Campus | Superior Information Resource Center (SIRC) Superior University- Main Campus | Technical | 08/05/2024 | 621.382 OPP-D 2007 | 1411 | 08/05/2024 | 1 | BOOK | BOOK | ||
| Engineering | Superior Information Resource Center (SIRC) Superior University- Main Campus | Superior Information Resource Center (SIRC) Superior University- Main Campus | Technical | 08/05/2024 | 621.382 OPP-D 2007 | 1412 | 08/05/2024 | 2 | BOOK | BOOK | ||
| Engineering | Superior Information Resource Center (SIRC) Superior University- Main Campus | Superior Information Resource Center (SIRC) Superior University- Main Campus | Technical | 08/05/2024 | 621.382 OPP-D 2007 | 1418 | 08/05/2024 | 3 | BOOK | BOOK | ||
| Engineering | Superior Information Resource Center (SIRC) Superior University- Main Campus | Superior Information Resource Center (SIRC) Superior University- Main Campus | Technical | 08/05/2024 | 621.382 OPP-D 2007 | 1421 | 08/05/2024 | 5 | BOOK | BOOK | ||
| Engineering | Superior Information Resource Center (SIRC) Superior University- Main Campus | Superior Information Resource Center (SIRC) Superior University- Main Campus | Technical | 08/05/2024 | 621.382 OPP-D 2007 | 1422 | 08/05/2024 | 6 | BOOK | BOOK | ||
| Engineering | Superior Information Resource Center (SIRC) Superior University- Main Campus | Superior Information Resource Center (SIRC) Superior University- Main Campus | Technical | 08/05/2024 | 621.382 OPP-D 2007 | 1423 | 08/05/2024 | 7 | BOOK | BOOK | ||
| Engineering | Superior Information Resource Center (SIRC) Superior University- Main Campus | Superior Information Resource Center (SIRC) Superior University- Main Campus | Technical | 08/05/2024 | 621.382 OPP-D 2007 | 1424 | 08/05/2024 | 8 | BOOK | BOOK | ||
| Engineering | Superior Information Resource Center (SIRC) Superior University- Main Campus | Superior Information Resource Center (SIRC) Superior University- Main Campus | Technical | 08/05/2024 | 621.382 OPP-D 2007 | 1426 | 08/05/2024 | 9 | BOOK | BOOK | ||
| Engineering | Superior Information Resource Center (SIRC) Superior University- Main Campus | Superior Information Resource Center (SIRC) Superior University- Main Campus | Technical | 08/05/2024 | 621.382 OPP-D 2007 | 1600 | 08/05/2024 | 10 | BOOK | BOOK |
